IBM eserver cluster 1600 managed by PSSP 3.5 (Record no. 107038)
[ view plain ]
| 000 -LEADER | |
|---|---|
| fixed length control field | 01468nam a22003734a 4500 |
| 082 04 - DEWEY DECIMAL CLASSIFICATION NUMBER | |
| Classification number | 004/.35 |
| 245 00 - TITLE STATEMENT | |
| Title | IBM eserver cluster 1600 managed by PSSP 3.5 |
| 250 ## - EDITION STATEMENT | |
| Edition statement | 1st ed. |
| 260 ## - PUBLICATION, DISTRIBUTION, ETC. (IMPRINT) | |
| Place of publication | [United States] : |
| Name of publisher | IBM International Technical Support Organization, |
| Year of publication | c2002. |
| 300 ## - PHYSICAL DESCRIPTION | |
| Number of Pages | xvi, 248 p. : |
| Other physical details | ill. |
| 490 1# - SERIES STATEMENT | |
| Series statement | IBM redbooks |
| 500 ## - GENERAL NOTE | |
| General note | The "e" in "eserver" is printed as the symbol for electronic. |
| General note | "December 2002." |
| 650 #0 - SUBJECT ADDED ENTRY--TOPICAL TERM | |
| Topical Term | Parallel computers. |
| Topical Term | IBM RISC System/6000 computers. |
| Topical Term | File organization (Computer science) |
| 700 1# - ADDED ENTRY--PERSONAL NAME | |
| Personal name | Quintero, Dino. |
| 856 40 - ELECTRONIC LOCATION AND ACCESS | |
| Uniform Resource Identifier | http://site.ebrary.com/lib/rucke/Doc?id=10112586 |
No items available.
